000 00293nam a22001337a 4500
008 170406b xxu||||| |||| 00| 0 eng d
020 _a9780838514351
041 _aeng
080 _22 ED
_a611.018
100 _a9
101 _aSHM
245 _aBASIC HISTOLOGY
_cBERMNA.I
942 _2udc
_cBK
999 _c10020
_d10020